| 000 | 00488nam a2200181Ia 4500 | ||
|---|---|---|---|
| 001 | 25002 | ||
| 005 | 20260414151121.0 | ||
| 008 | 260414t1996||||xx |||||||||||||| ||spa|| | ||
| 041 | _aESP | ||
| 082 |
_a346.1 _bA66 T. 2 |
||
| 100 |
_aAraníbar Fernández Dávila, Gabriela _eAUT |
||
| 245 | 0 |
_aInstituciones del derecho civil peruano : _bvisión histórica |
|
| 260 | _c1996 | ||
| 300 |
_apáginas 684-1416 : _c20 cm. |
||
| 650 | _aDER | ||
| 654 | _aCDE | ||
| 942 |
_cLIB _dJUS _fJUS _2ddc _n |
||
| 999 |
_c25002 _d25002 |
||